Mikrosenzor plynu pripravený na GaAs substráte

Guardado en:
Detalles Bibliográficos
Autor principal: Tengeri, David (Autor)
Otros Autores: Hotový, Ivan, 1957- (Orientador)
Formato: Manuscrito Libro
Lenguaje:eslovaco
Publicado: Bratislava : STU v Bratislave FEI, 2007
Materias:
Etiquetas: Agregar Etiqueta
Sin Etiquetas, Sea el primero en etiquetar este registro!

MARC

LEADER 00000ntm a22000003a 4500
001 stu155555
005 20160719165050.1
008 080122s2007------------------------slo-d
040 |a STU  |b slo 
041 0 |a slo 
100 1 |a Tengeri, David  |4 aut 
245 1 |a Mikrosenzor plynu pripravený na GaAs substráte 
260 |a Bratislava :  |b STU v Bratislave FEI,  |c 2007 
300 |a 58 s 
650 7 |a Mikroelektronika  |2 stusub 
650 7 |a mikrosenzory  |2 stusub 
700 1 |a Hotový, Ivan,  |d 1957-  |4 ths  |u E030  |U FEI Fakulta elektrotechniky a informatiky  |T FEI Ústav elektroniky a fotoniky  |X 4233  |U E030  |Y 549  |7 A000004233